Welcome to CU Library Online Public Access Catalogue (OPAC)

Educational psychology : (Record no. 4926)

MARC details
000 -LEADER
fixed length control field 00788pam a2200241 a 4500
001 - CONTROL NUMBER
control field 3943107
005 - DATE AND TIME OF LATEST TRANSACTION
control field 20250318112621.0
008 - FIXED-LENGTH DATA ELEMENTS--GENERAL INFORMATION
fixed length control field 930729s1994 nyua b 001 0 eng
020 ## - INTERNATIONAL STANDARD BOOK NUMBER
International Standard Book Number 0070605475 (alk. paper)
020 ## - INTERNATIONAL STANDARD BOOK NUMBER
International Standard Book Number 007113669X (International ed.)
020 ## - INTERNATIONAL STANDARD BOOK NUMBER
International Standard Book Number 9780070605473
050 00 - LIBRARY OF CONGRESS CALL NUMBER
Classification number LB1051
Item number .S6457 1994
082 00 - DEWEY DECIMAL CLASSIFICATION NUMBER
Classification number 370.15
Edition information 20
100 1# - MAIN ENTRY--PERSONAL NAME
Personal name Sprinthall, Norman A.,
Dates associated with a name 1931-
245 10 - TITLE STATEMENT
Title Educational psychology :
Remainder of title a developmental approach /
Statement of responsibility, etc. Norman A. Sprinthall, Richard C. Sprinthall, Sharon N. Oja.
250 ## - EDITION STATEMENT
Edition statement 6th ed.
260 ## - PUBLICATION, DISTRIBUTION, ETC.
Place of publication, distribution, etc. New York :
Name of publisher, distributor, etc. McGraw-Hill,
Date of publication, distribution, etc. c1994.
300 ## - PHYSICAL DESCRIPTION
Extent xxi, 677 p. :
Other physical details ill. ;
Dimensions 26 cm.
650 #0 - SUBJECT ADDED ENTRY--TOPICAL TERM
Topical term or geographic name entry element Educational psychology.
700 1# - ADDED ENTRY--PERSONAL NAME
Personal name Sprinthall, Richard C.,
Dates associated with a name 1930-
700 1# - ADDED ENTRY--PERSONAL NAME
Personal name Oja, Sharon Nodie.
942 ## - ADDED ENTRY ELEMENTS (KOHA)
Source of classification or shelving scheme Library of Congress Classification
Koha item type Books
Edition 6th Ed.
Suppress in OPAC No
999 ## -
-- 4926
-- 4926
Holdings
Withdrawn status Lost status Source of classification or shelving scheme Damaged status Not for loan Collection Home library Current library Shelving location Date acquired Total checkouts Full call number Barcode Date last seen Copy number Price effective from Koha item type
    Library of Congress Classification     Non-fiction Business Library (Miotso) Business Library (Miotso) General stacks 03/18/2025   LB1051 .S6457 1994 BSSM00001471 03/18/2025 1 03/18/2025 Books
© 2023-2024 Copyright: Central University Libraries. All Rights Reserved | Created by: Mahone Tech Office